Edgar Morin : una mente luminosa : reflexiones de vida y obra /
Đã lưu trong:
| Tác giả chính: | |
|---|---|
| Tác giả khác: | , , , , , , , , |
| Định dạng: | |
| Ngôn ngữ: | Tiếng Pháp |
| Được phát hành: |
Hermosillo, México :
Multiversidad Mundo Real Edgar Morin,
2007, c2007
Hermosillo, México : Multiversidad Mundo Real Edgar Morin [dist.], 2007, c2007 |
| Những chủ đề: | |
| Các nhãn: |
Không có thẻ, Là người đầu tiên thẻ bản ghi này!
|
MARC
| LEADER | 00000ngm^a2200000^a^4500 | ||
|---|---|---|---|
| 001 | 000311349 | ||
| 005 | 20250521000000.0 | ||
| 009 | 20260310113043.41 | ||
| 037 | |a Acervo ITESO - Biblioteca | ||
| 041 | |a FRA | ||
| 082 | |a 300. 1 |b MOR | ||
| 100 | |a Morin, Edgar |e (autor) | ||
| 245 | 1 | 0 | |a Edgar Morin : |b una mente luminosa : reflexiones de vida y obra / |c E. Morin ; realización de G. Pardo ; prod. de R. Reynaga. |
| 264 | 4 | |a Hermosillo, México : |b Multiversidad Mundo Real Edgar Morin, |c 2007, c2007 | |
| 264 | 4 | |a Hermosillo, México : |b Multiversidad Mundo Real Edgar Morin [dist.], |c 2007, c2007 | |
| 300 | |a 1 DVD sin dato de región |c ([149] min.) | ||
| 336 | |a imagen móvil bidimensional |b tdi |2 rdacontenido | ||
| 337 | |a video |b v |2 rdamedio | ||
| 338 | |a videodisco |b vd |2 rdasoporte | ||
| 546 | |a En español y francés, con subtítulos opcionales: español, francés | ||
| 649 | |a XX | ||
| 650 | |a Antropólogos Franceses - |x Entrevistas | ||
| 650 | |a Antropólogos Franceses - |x Biografías | ||
| 650 | |a Sociólogos Franceses - |x Entrevistas | ||
| 650 | |a Sociólogos Franceses - |x Biografías | ||
| 650 | |a Filósofos Franceses - |x Entrevistas | ||
| 650 | |a Filósofos Franceses - |x Biografías | ||
| 650 | |a Intelectuales Franceses - |x Entrevistas | ||
| 650 | |a Intelectuales Franceses - |x Biografías | ||
| 650 | |a Interdisciplinariedad | ||
| 650 | |a Transdisciplinariedad | ||
| 650 | |a Complejidad (Ciencias Sociales) | ||
| 650 | |a Antropología | ||
| 650 | |a Sociología | ||
| 650 | |a Filosofía del Siglo XX | ||
| 650 | |a Filosofía Francesa | ||
| 650 | |a Ciencias Sociales - |x Teoría | ||
| 650 | |a Morin, Edgar - |x Tema Principal | ||
| 700 | |a Pardo, Gerardo |e (realización) | ||
| 700 | |a Reynaga, Rubén |e (producción) | ||
| 700 | |a Pardo, Gerardo |e (guión) | ||
| 700 | |a García, Gustavo |e (investigación) | ||
| 700 | |a Palacios, Oscar |e (fotógrafo) | ||
| 700 | |a Zubieta, Patricia |e (montaje) | ||
| 700 | |a Pardo, Gerardo |e (montaje) | ||
| 700 | |a Peña, Víctor Manuel |e (música) | ||
| 700 | |a Palacios, Moisés |e (conducción) | ||
| 910 | |a Fondo General | ||
| 920 | |a Audiovisuales - DVDs | ||
| 905 | |a 302 | ||
| 901 | |a 0500196905 |b IT2 |c DVS |i C128614 |u 20250521 | ||
| 902 | |a https://opac.biblio.iteso.mx/vufind/Record/000311349 | ||